|
|
|
|
| LEADER |
00000cam a2200000 7i4500 |
| 001 |
0000003428 |
| 005 |
20060317.0 |
| 020 |
0 |
0 |
|a 0333539923
|
| 090 |
0 |
0 |
|a 333.7516
|b CON
|
| 245 |
1 |
4 |
|a The conservation atlas of tropical forests. :
|b Asia and the Pacific
|c editors N. Mark Collins, Jeffrey A. Sayer and Timothy C. Whitmore.
|
| 260 |
0 |
0 |
|a London :
|b Macmillan [for] The World Conservation Union, World Conservation Monitoring Centre, ,
|c c1991.
|
| 300 |
|
|
|a 256p. :
|b col. ill., maps (some col.) ;
|c 30cm.
|
| 650 |
0 |
0 |
|a Tropical regions
|a Forests
|a Conservation
|
| 700 |
1 |
1 |
|a Collins, N. Mark.
|
| 700 |
1 |
1 |
|a Sayer, Jeffrey.
|
| 700 |
1 |
1 |
|a Whitmore, T. C. [
|q (Timothy Charles)]
|
| 710 |
2 |
1 |
|a IUCN Forest Conservation Programme.
|
| 710 |
2 |
1 |
|a World Conservation Monitoring Centre
|
| 999 |
|
|
|a 0000006500
|b Monograph
|c Open Shelf
|e Default branch
|